000 00588nam a22001937a 4500
999 _c179940
_d179940
005 20210719114206.0
010 _aENG-129582
020 _a978-93-90113-59-0
_c850.00
035 _aEN-113114
037 _bDBAD/PUB
082 _a535
100 _aGhatak, Ajoy
245 _aOptics :
_b/
_cBy Ajoy Ghatak
250 _a7th
260 _aAlapakkam
_bMc Graw Hill
_c2020
270 _a444/1,Sri Ekambara Naicker Industrial Estate,Alapakkam,Porur
_bChennai
_e600116
_minfo.india@mheducation.com
_k18001035875
300 _a550p;
_c28cm(pbx)
942 _2ddc
_cEN
_h535
_mGHA